000 01152nam0a2200289 i 4500
001 RU\NLR\BIBL_A\010709566
005 20241105063218.0
010 _a9785793406161
_9200
021 _aRU
_b2015-9040
_9561
035 _a(NILC)RuMoRGB-007870825
035 _a(NLR Aleph) 010709566
090 _a9763831
_c9763831
100 _a20150330d2015 um y0rusy50 ca
101 0 _arus
102 _aRU
105 _aac||z|||000yy
200 1 _aПутевые заметки
_e[Америка, Аляска, Мексика, Гватемала, Гондурас, КНДР, Южная Корея, Япония]
_fСергей Горбунов
210 _aСыктывкар
_cКоми республиканская типография
_d2015
215 _a99 с., [8] л. цв.
_d20
607 _aСтраны мира
_xОписание и путешествия
_92625615
_3RU\NLR\AUTH\661562175
686 1 _aД890(0)02
700 1 _aГорбунов
_bС. С.
_gСергей С
801 0 _aRU
_bРГБ
_c20150218
_gRCR
942 _cBOOK
980 _aNBR